Πως νίκησε ο κινέζικος λαός : τριάντα χρόνια αγώνες του ΚΚ της Κίνας : συλλογή άρθρων.
Αποθηκεύτηκε σε:
| Μορφή: | Βιβλίο |
|---|---|
| Γλώσσα: | Greek |
| Δημοσίευση: |
[χ.τ.] :
Εκδοτικό "Νέα Ελλάδα",
1951.
|
| Θέματα: | |
| Ετικέτες: |
Προσθήκη ετικέτας
Δεν υπάρχουν, Καταχωρήστε ετικέτα πρώτοι!
|
MARC
| LEADER | 00000cam a2200000 a 4500 | ||
|---|---|---|---|
| 001 | 1/114167 | ||
| 008 | 170529s1951####xx | ||| |||| ||gre|| | ||
| 040 | |a GR-MyUa |b gre |c GR-MyUa |e AACR2 | ||
| 041 | 0 | |a gre | |
| 082 | 7 | |a 320.5320951 |2 (23) | |
| 245 | 0 | 0 | |a Πως νίκησε ο κινέζικος λαός : |b τριάντα χρόνια αγώνες του ΚΚ της Κίνας : συλλογή άρθρων. |
| 260 | |a [χ.τ.] : |b Εκδοτικό "Νέα Ελλάδα", |c 1951. | ||
| 300 | |a 75 σ. ; |c 21 εκ. | ||
| 500 | |a Άρθρα των: Μάο Τσε-Τουνγκ, Τσου Ντε, Τενγκ Γιουνγκ, Τενγκ Χσιάο-Πινγκ, Λου Τινγκ-Γι, Λι Βαϊ-Σεν. | ||
| 506 | 1 | |a Μόνο για ανάγνωση. Βρίσκεται σε ειδικό ράφι. Διαθέσιμο εάν ζητηθεί. | |
| 650 | 0 | |a Communism |z China |x History. | |
| 852 | |a INST |b LESVOS |e 20170529 |h 320.5320951 ΠΩΣ |p 005100059511 |q 005100059511 |t BK |y 0 | ||
| 970 | |a Τζαφέρη |b Ευαγγελία |z 29-05-2017 | ||